000 00419nam a2200181Ia 4500
005 20250603144422.0
008 250603s9999 xx 000 0 und d
020 _a9788120306707
050 _aPE 1137 .S48/
100 _aSethi J.
245 2 _aA handbook of pronounciation of english words
260 _aDelhi
260 _bPHI learning
260 _c2013
300 _a101 p
650 _aDelhi
942 _cBK
999 _c38859
_d38859